| 000 -LEADER |
| fixed length control field |
00818nam a2200217Ia 4500 |
| 001 - CONTROL NUMBER |
| control field |
7818 |
| 003 - CONTROL NUMBER IDENTIFIER |
| control field |
GE_BSU |
| 005 - DATE AND TIME OF LATEST TRANSACTION |
| control field |
20221116111155.0 |
| 008 - FIXED-LENGTH DATA ELEMENTS--GENERAL INFORMATION |
| fixed length control field |
181216s2007||||en |||||||||||||| ||eng|| |
| 020 ## - INTERNATIONAL STANDARD BOOK NUMBER |
| International Standard Book Number |
9780471745228 x |
| 040 ## - CATALOGING SOURCE |
| Transcribing agency |
GE_BSU |
| 041 ## - LANGUAGE CODE |
| Language code of text/sound track or separate title |
eng |
| 080 ## - UNIVERSAL DECIMAL CLASSIFICATION NUMBER |
| Universal Decimal Classification number |
005.1+640 S-71 |
| 100 ## - MAIN ENTRY--PERSONAL NAME |
| Personal name |
Sommerville,Kerry L. |
| 9 (RLIN) |
14804 |
| 245 ## - TITLE STATEMENT |
| Title |
Hospitality Employee Management and Supervision : |
| Remainder of title |
Concepts and practical applications / |
| Statement of responsibility, etc. |
Kerry L. Sommerville, |
| 264 ## - PRODUCTION, PUBLICATION, DISTRIBUTION, MANUFACTURE, AND COPYRIGHT NOTICE |
| Place of production, publication, distribution, manufacture |
New Jersey : |
| Name of producer, publisher, distributor, manufacturer |
John Wiley, |
| Date of production, publication, distribution, manufacture, or copyright notice |
2007. |
| 300 ## - PHYSICAL DESCRIPTION |
| Extent |
344 p.: |
| Other physical details |
Ill. 23 cm. |
| Dimensions |
maps. |
| 653 ## - INDEX TERM--UNCONTROLLED |
| keyword |
Hospitality Employee Management and Supervision |
| 653 ## - INDEX TERM--UNCONTROLLED |
| keyword |
სტუმართმოყვარეობის თანამშრომლების მართვა და ზედამხედველობა |
| 942 ## - ADDED ENTRY ELEMENTS (KOHA) |
| Koha item type |
წიგნი |
| Source of classification or shelving scheme |
|